| 000 | 00000nas##2200000za#4500 |
| 001 | 9.507881 |
| 003 | CaOODSP |
| 005 | 20210927150245 |
| 007 | cr ||||||||||| |
| 008 | 150406c2004||||xxc|| m o||||f| |0eng|d |
| 040 | |aCaOODSP|beng |
| 043 | |an-cn--- |
| 086 | 1 |aR73-1E-PDF |
| 110 | 1 |aCanada. |bIndian and Northern Affairs Canada. |
| 245 | 10|aNorthwest Territories contaminants fact sheets |h[electronic resource] |
| 260 | |aYellowknife - Northwest Territories : |bIndian and Northern Affairs |
| 310 | |aIrregular |
| 690 | 07|aPollutants|2gcpds |
| 690 | 07|aTerritories|2gcpds |
| 775 | 08|tFeuillets d'information sur les contaminants dans les Territoires du Nord-Ouest |w(CaOODSP)9.504258 |